Roman Emperor Trivia: Multiple Choice - Statistics

General Stats
  • This quiz has been taken 37 times
  • The average score is 10 of 15
Answer Stats
Question Answer % Correct
Who was the first openly Christian Roman emperor? Constantine
97%
Which emperor build a wall across modern-day UK? Hadrian
97%
Which emperor expanded the borders of the Roman empire to their furthest extent? Trajan
88%
Which emperor killed his own brother and co-emperor? Caracalla
85%
Who was the last Western Roman emperor? Romulus Augustulus
85%
Who was the first African Roman emperor? Septimius Severus
73%
Which emperor commissioned the construction of the Colosseum? Vespasian
73%
Which emperor voluntarily retired? Diocletian
67%
Which emperor had a stammer? Claudius
64%
Who was the tallest Roman emperor? Maximinus Thrax
64%
Who was the last openly pagan Roman emperor? Julian II
61%
Which emperor was the cousin of emperor Elagabalus? Severus Alexander
61%
Who was emperor during the eruption of Mount Vesuvius? Titus
55%
Who split the Roman empire into the Eastern and Western empires? Diocletian
52%
Which emperor died of a stroke while shouting at Germanic envoys? Valentinian I
21%
No matching quizzes found
Score Distribution
Percent of People with Each Score
Percentile by Number Answered
Your Score History
You have not taken this quiz